000 00939nam a22002057a 4500
999 _c12436
_d12436
003 AR-CdUCM
008 190305b ||||| |||| 00| 0 spa d
040 _aMUNICIPALIDAD PROVINCIAL DEL CUSCO
_cBIBLIOTECA MUNICIPAL DEL CUSCO
082 _aC / 985.61 /
_bC74
100 _aValverde y, Vasco de Contreras
_99143
245 _aRelacion de la Ciudad del Cusco:
_b1649 - 1982 /
260 _aCusco :
_bImprenta Amauta ,
_c1983.
300 _a194 páginas ;
_c21 cm.
505 _aContenido: Descripcion de la Ciudad del Cuzco -- Hierbas Medicinales -- Piedras Medicinales y Pajaros -- Rios, Fuentes, Salinas de esta ciudad -- Primera Fundacion de la ciudad del Cusco -- Capitulo en que se da razón de haber hallado cruces. Los primeros españoles en la cuidad del Cusco...
650 _aCiudad del Cusco
_99144
650 _aHistoria del Cusco
_91714
650 _aCusco Colonial
_91874
942 _2ddc
_cLIBROS
945 _awfj
_d2019-04-09